|
|
|
|
| LEADER |
00752cam a2200217 a 4500 |
| 001 |
0000090977 |
| 005 |
20101007090000.0 |
| 040 |
|
|
|a mod
|
| 041 |
|
|
|a eng
|
| 090 |
0 |
0 |
|a 950
|b KHO
|e 1977
|
| 100 |
1 |
0 |
|a Khoo
|h Gilbert
|
| 245 |
0 |
0 |
|a Asian transformation
|b a history of Southeast, South and East Asia
|c Gilbert Khoo, Dorothy Lo
|
| 260 |
0 |
0 |
|a Kuala Lumpur
|b Heinemann Educational Book (Asia)
|c 1977
|
| 300 |
0 |
0 |
|a xii, 1164 p.
|b illus., ports., maps
|c 21 cm
|
| 504 |
0 |
0 |
|a Includes bibliographical p.[1139-1149] references and index.
|
| 651 |
0 |
0 |
|a Asia, Southeastern
|x History
|
| 651 |
0 |
0 |
|a South Asia
|x History
|
| 651 |
0 |
0 |
|a East Asia
|x History
|
| 700 |
1 |
1 |
|a Lo
|h Dorothy
|
| 852 |
0 |
0 |
|a 01
|
| 999 |
|
|
|a 1000003291
|b Maktab Pertahanan Angkatan Tentera
|d BOOKS
|e Umum
|f MPAT
|j AVAILABLE
|q OLD
|